Η Ανάπτυξη της Γλώσσας και του Γραμματισμού: (Record no. 10109)
[ view plain ]
| 000 -LEADER | |
|---|---|
| fixed length control field | 02648nam a22002057a 4500 |
| 005 - ΗΜΕΡΟΜΗΝΙΑ ΚΑΙ ΩΡΑ ΤΕΛΕΥΤΑΙΑΣ ΕΝΗΜΕΡΩΣΗΣ | |
| Πεδίο ελέγχου | 20260209103306.0 |
| 006 - FIXED-LENGTH DATA ELEMENTS--ADDITIONAL MATERIAL CHARACTERISTICS | |
| Πεδίο ελέγχου σταθερού μήκους | a|||||r||||||||||| |
| 008 - FIXED-LENGTH DATA ELEMENTS--GENERAL INFORMATION | |
| Πεδίο ελέγχου σταθερού μήκους | 260209s |||||||| |||| 00| ||gre d |
| 020 ## - ISBN | |
| ISBN | 9789600126334 |
| 040 ## - ΠΗΓΗ ΚΑΤΑΛΟΓΟΓΡΑΦΗΣΗΣ | |
| Φορέας πρωτότυπης καταλογογράφησης | MC Athens Campus Library |
| Γλώσσα καταλογογράφησης | Ελληνικά, Μοντέρνα (1453-) |
| Modifying agency | MC Athens Campus Library |
| Κανόνες περιγραφικής καταλογογράφησης | AACR2 |
| 100 ## - MAIN ENTRY--PERSONAL NAME | |
| Personal name | Byrnes, James |
| 9 (RLIN) | 10325 |
| 245 10 - ΤΙΤΛΟΣ ΚΑΙ ΔΗΛΩΣΗ ΥΠΕΥΘΥΝΟΤΗΤΑΣ | |
| Τίτλος | Η Ανάπτυξη της Γλώσσας και του Γραμματισμού: |
| Remainder of title | Όλα όσα πρέπει να γνωρίζουν οι εκπαιδευτικοί/ |
| Statement of responsibility, etc. | James P. Byrnes, Barbara A. Wasik |
| 260 ## - PUBLICATION, DISTRIBUTION, ETC. | |
| Place of publication, distribution, etc. | Aθήνα: |
| Name of publisher, distributor, etc. | Gutenberg, |
| Date of publication, distribution, etc. | 2025 |
| 300 ## - PHYSICAL DESCRIPTION | |
| Extent | 718 σ.; |
| Other physical details | 24 εκ. |
| 520 ## - SUMMARY, ETC. | |
| Summary, etc. | Η γλωσσική ανάπτυξη των παιδιών είναι θεμελιώδης για την απόκτηση δεξιοτήτων γραμματισμού. Στο παρόν βιβλίο, αναπτύσσονται σύγχρονα θεωρητικά και ερευνητικά δεδομένα πάνω στην ανάπτυξη της γλώσσας και του γραμματισμού με τρόπο κατανοητό για τον αναγνώστη.<br/>Σκοπός των συγγραφέων είναι να ενημερώσουν φοιτητές/φοιτήτριες και εκπαιδευτικούς για το τι χρειάζονται τα παιδιά προκειμένου να αναπτύξουν επαρκείς δεξιότητες γλώσσας και γραμματισμού, από την προσχολική έως τη δευτεροβάθμια εκπαίδευση. Παράλληλα, εστιάζουν στο πώς θα εφαρμοστούν μέσα στην τάξη εμπειρικά τεκμηριωμένες πρακτικές, οι οποίες συμβάλλουν στην ανάσχεση των ποικίλων δυσκολιών που μπορούν να προκύψουν στο πεδίο της ανάπτυξης της γλώσσας και του γραμματισμού.<br/>Η δομή του βιβλίου διευκολύνει τον αναγνώστη να εξοικειώνεται με τη σχετική θεωρία, να γενικεύει τη γνώση του αξιοποιώντας συγκεκριμένα παραδείγματα και εμπειρικά δεδομένα, να αναστοχάζεται μέσα από θέματα για συζήτηση, καθώς και να αξιολογεί εκπαιδευτικά προγράμματα και διδακτικές παρεμβάσεις. |
| 650 #0 - SUBJECT ADDED ENTRY--TOPICAL TERM | |
| Topical term or geographic name entry element | Εκπαίδευση |
| 9 (RLIN) | 9953 |
| 700 ## - ΠΡΟΣΘΕΤΗ ΑΝΑΓΡΑΦΗ--ΦΥΣΙΚΟ ΠΡΟΣΩΠΟ | |
| Personal name | Βραχωρίτου, Ιωάννα |
| Σχέση | Μεταφραστής |
| 9 (RLIN) | 10326 |
| 942 ## - ADDED ENTRY ELEMENTS (KOHA) | |
| Koha item type | Books |
| Τύπος τεκμηρίου | Βιβλιοθήκη | Τρέχουσα τοποθεσία | Barcode | Αριθμός εισαγωγής | Ημερομηνία απόκτησης | Ταξιθετικό σύμβολο | Αριθμός αντιτύπου | Κατάσταση απόσυρσης | Κατάσταση χαμένου | Κατάσταση κατεστραμμένου | Μη δανεισμός | Σύνολο δανεισμών | Ημερομηνία τελευταίας εμφάνισης | Η τιμή ισχύει από |
|---|---|---|---|---|---|---|---|---|---|---|---|---|---|---|
| Books | MC Athens Campus Library | MC Athens Campus Library | 9780000101174 | 8300 | 15/01/2026 | 372.4 BYR | 1 | 09/02/2026 | 09/02/2026 |